Today's HR for a sustainable tomorrow / (Record no. 81129)

MARC details
000 -LEADER
fixed length control field 00665nam a22002177a 4500
005 - DATE AND TIME OF LATEST TRANSACTION
control field 20140224122034.0
010 ## - LCCN (DPL NO)
LC control number ENG-108762
020 ## - INTERNATIONAL STANDARD BOOK NUMBER
Terms of availability 650.00
International Standard Book Number 9788184247541
035 ## - SYSTEM CONTROL NUMBER
System control number EN-92295
037 ## - SOURCE OF ACQUISITION
Source of stock number/acquisition DBAD/PUB
082 ## - DEWEY DECIMAL CLASSIFICATION NUMBER
Classification number 658.3008
245 ## - TITLE STATEMENT
Title Today's HR for a sustainable tomorrow /
Statement of responsibility, etc edited by R. K. Mishra, Shulagna Sarkar [and] Punam Singh
260 ## - PUBLICATION, DISTRIBUTION, ETC. (IMPRINT)
Place of publication, distribution, etc New Delhi
Name of publisher, distributor, etc Allied Publishers
Date of publication, distribution, etc 2012
270 ## - ADDRESS
Address 1/13-14 Asif Ali Road
City New Delhi
Postal code 110002
300 ## - PHYSICAL DESCRIPTION
Extent ix,287p.
Dimensions 24cm(Hb)
500 ## - GENERAL NOTE
General note Includes Index
700 ## - ADDED ENTRY--PERSONAL NAME
Personal name Mishra, R.K.
700 ## - ADDED ENTRY--PERSONAL NAME
Personal name Sarkar, Shulagna
700 ## - ADDED ENTRY--PERSONAL NAME
Personal name Singh, Punam
942 ## - ADDED ENTRY ELEMENTS (KOHA)
Source of classification or shelving scheme Dewey Decimal Classification
Item type English Books
Call number suffix TOD
Classification part 658.3008
Holdings
Withdrawn status Lost status Not for loan Collection code Home library Current library Date acquired Source of acquisition Cost, normal purchase price Full call number Barcode Copy number Cost, replacement price Koha item type
    Not For Loan Non-fiction D.B.Act.Division D.B.Act.Division 16/12/2013 DBAD/PUB 650.00 658.3008 TOD EN-92295 1 650.00 English Books

© Delhi Public Library
Hit Counter
free hit counter